Moonwalking with Einstein : (Record no. 178)

MARC details
000 -LEADER
fixed length control field 01712cam a2200301 a 4500
005 - DATE AND TIME OF LATEST TRANSACTION
control field 20260322212009.0
008 - FIXED-LENGTH DATA ELEMENTS--GENERAL INFORMATION
fixed length control field data
010 ## - LIBRARY OF CONGRESS CONTROL NUMBER
LC control number 2010030265
020 ## - INTERNATIONAL STANDARD BOOK NUMBER
International Standard Book Number 159420229X (hbk.)
020 ## - INTERNATIONAL STANDARD BOOK NUMBER
International Standard Book Number 9781594202292 (hbk.)
040 ## - CATALOGING SOURCE
Original cataloging agency DLC
Transcribing agency DLC
Modifying agency DLC
-- BTCTA
-- YDXCP
-- UPZ
-- ABG
-- VP@
-- IXA
-- DLC
050 00 - LIBRARY OF CONGRESS CALL NUMBER
Classification number BF385
Item number .F64 2011
082 00 - DEWEY DECIMAL CLASSIFICATION NUMBER
Classification number 153.1/4
Edition information 22
092 ## - LOCALLY ASSIGNED DEWEY CALL NUMBER (OCLC)
Classification number 153.1 F64 2011
001 - CONTROL NUMBER
control field data
100 1# - MAIN ENTRY--PERSONAL NAME
Personal name Foer, Joshua.
245 10 - TITLE STATEMENT
Title Moonwalking with Einstein :
Remainder of title the art and science of remembering everything /
Statement of responsibility, etc. Joshua Foer.
260 ## - PUBLICATION, DISTRIBUTION, ETC.
Place of publication, distribution, etc. New York :
Name of publisher, distributor, etc. Penguin Press,
Date of publication, distribution, etc. 2011.
300 ## - PHYSICAL DESCRIPTION
Extent 307 p. ;
Dimensions 25 cm.
504 ## - BIBLIOGRAPHY, ETC. NOTE
Bibliography, etc. note Includes bibliographical references (p. [289]-297) and index.
505 0# - FORMATTED CONTENTS NOTE
Formatted contents note The smartest man is hard to find -- The man who remembered too much -- The expert expert -- The most forgetful man in the world -- The memory palace -- How to memorize a poem -- The end of remembering -- The ok plateau -- The talented tenth -- The little rain man in all of us -- The US memory championships.
520 ## - SUMMARY, ETC.
Summary, etc. Having achieved the seemingly unachievable-- becoming a U.S. Memory Champion-- Foer shows how anyone with enough training and determination can achieve mastery of their memory.
650 #0 - SUBJECT ADDED ENTRY--TOPICAL TERM
Topical term or geographic name entry element Mnemonics.
650 #0 - SUBJECT ADDED ENTRY--TOPICAL TERM
Topical term or geographic name entry element Memory.
906 ## - LOCAL DATA ELEMENT F, LDF (RLIN)
a 7
b cbc
c orignew
d 1
e ecip
f 20
g y-gencatlg
925 0# -
-- acquire
-- 2 shelf copies
-- policy default
955 ## - COPY-LEVEL INFORMATION (RLIN)
-- xh03 2010-08-09 to Dewey
-- rd06 2010-08-09
-- rg06 2011-03-17 Z-CipVer to CALM;
Holdings
Withdrawn status Lost status Damaged status Not for loan Home library Current library Shelving location Date acquired Total checkouts Full call number Barcode Date last seen Price effective from Koha item type
        Centerville Centerville General stacks 22/03/2026   153.1/4 22 BC0010183 22/03/2026 22/03/2026 Books